| 000 | 00564nas a2200217 i 4500 | ||
|---|---|---|---|
| 001 | 1366 | ||
| 003 | ES-MaACL | ||
| 005 | 20250718150758.0 | ||
| 008 | 950801d19841985sp d| | 1 ||pa d | ||
| 080 | _a(054) | ||
| 245 | 0 | 0 | _aLiberación. |
| 260 |
_aMadrid : _bLiberación, _c1984-1985. |
||
| 300 |
_a6 v. ; _c41 cm. |
||
| 310 | _aDiaria | ||
| 362 | 0 | _aN. 1 (9 oct. 1984)-n. 122 (28 feb. 1985) | |
| 650 | 1 | 4 |
_aPeriódicos _915941 |
| 852 |
_aES-MaACL _jHEM-GF-16 _dOlim: Hem-1624 |
||
| 866 | 0 | _o1984-85 | |
| 942 |
_2udc _cPERIODICO |
||
| 999 |
_c1366 _d1366 |
||